Antroponimia Żydów białostockich jako zwierciadło kultury i historii narodu
| Titel: | Antroponimia Żydów białostockich jako zwierciadło kultury i historii narodu |
|---|---|
| Verfasser: | |
| In: |
Onomastica Slavogermanica, Band 22 (2002), Seite 25-34 alle Artikel anzeigen |
| Veröffentlicht: | 2002 |
| Format: | Aufsatz |
| Sprache: | Polnisch |
X
alg: 39159837 001A $01999:11-11-16 001B $01999:15-05-21 $t21:00:22.000 001C $06050:19-11-16 $t08:51:23.000 001D $01999:11-11-16 001U $0utf8 001X $00 002@ $0Aox 003@ $0391598376 007A $0391598376 $aHEB 007T $0Herd53446 010@ $apol 011@ $a2002 021A $aAntroponimia Żydów białostockich jako zwierciadło kultury i historii narodu 028A $aAbramowicz $dZofia 031A $d22 $h25-34 $j2002 039B $aIn $8--Abvc--. Onomastica Slavogermanica. - Stuttgart ; Leipzig : Hirzel, 1965-. - ISSN 0474-1471 $x200200000220000975 $9047296038 045F $a307.09438 $eDDC23BSB 045F/01 $a307.09 045F/03 $g438 045T $a7,11 $a7,39 045T $aLING $qDE-30 $2FID 045T $aGER $qDE-30 $2FID lok: 39159837 78 exp: 39159837 78 1 #EPN 201B/01 $005-06-18 $t22:54:43.000 201U/01 $0utf8 203@/01 $0787692700 208@/01 $a11-11-16 $be 209A/01 $a/ $f000 $x00 220C/01 $aTitelaufnehmer: as 244Z/01 $2Trx $#Poola $#Lenkija $#Polija $#Polen Land $#Poland $#Lengyelország $#Poľsko $#Polsko $8--Trx--Polska$gkraj $x01 $9391345966 244Z/01 $#Bialystok $#Bjelostok $#Belastok $#Balstogė $#Biełostok $#Bialystock $74088261-5 $8--Tg1--Białystok $x02 $9085247278 244Z/01 $2Trx $#nimeteadus isikud $#onomastika asmenvardžiai $#onomatology personal names $#névtan személyek $#onomastyka, osoby $#onomastika osoby $#onomastika jména osob $#Anthroponomastik $#antroponomastyka $#antroponomastika $8--Trx--Namenkunde$gPersonen $x03 $9391382993 244Z/01 $2Trx $#juudid $#žydai $#Jews $#zsidók $#Żydzi $#Židia $#Židé $#Minderheit, jüdische $#Litvaken $#mniejszość żydowska $#menšina židovská $#menšina židovská $8--Trx--Juden $x04 $9391371312 244Z/01 $2Trx $8--Trx--Zeitschriftenaufsatz $x05 $9391384341 245Z/01 $a13.03 $x01 245Z/01 $a11.07 $x02 247C/01 $82080>Marburg/Lahn, Herder-Institut, Forschungsbibliothek, Bibliographieportal $9336309341
| LEADER | 00000caa a22000002c 4500 | ||
|---|---|---|---|
| 001 | 391598376 | ||
| 003 | DE-603 | ||
| 005 | 20210515210022.0 | ||
| 007 | tu | ||
| 008 | 161111s2002 xx |||| | u00||u|pol c | ||
| 035 | |a (DE-599)HEB391598376 | ||
| 040 | |a DE-603 |b ger |c DE-603 |d DE-603 | ||
| 041 | |a pol | ||
| 082 | 0 | 4 | |8 1\u |a 307.09438 |q DE-101 |2 23/BSB |
| 084 | |a 7,11 |a 7,39 |2 ssgn | ||
| 084 | |a LING |q DE-30 |2 fid | ||
| 084 | |a GER |q DE-30 |2 fid | ||
| 085 | |8 1\u |b 307.09 | ||
| 085 | |8 1\u |z 2 |s 438 | ||
| 100 | 1 | |a Abramowicz, Zofia | |
| 245 | 0 | 0 | |a Antroponimia Żydów białostockich jako zwierciadło kultury i historii narodu |
| 264 | 0 | |c 2002 | |
| 773 | 0 | 8 | |i In |t Onomastica Slavogermanica |d Stuttgart ; Leipzig : Hirzel, 1965- |h 24 cm |x 0474-1471 |g Band 22 (2002), Seite 25-34 |w (DE-603)047296038 |w (DE-600)207370-5 |
| 924 | 0 | |9 2080 |a (DE-603)787692700 |b DE-2080 |c HES |d d |g / | |


